Catálogo
 En Linea

Niños, niñas y adolescentes en situación de riesgo a causa del VIH/SIDA / (Registro nro. 58984)

Detalles MARC
000 -CABECERA
campo de control de longitud fija 02792nam a22003017i 4500
003 - IDENTIFICADOR DEL NÚMERO DE CONTROL
campo de control DO-SdBNP
005 - FECHA Y HORA DE LA ÚLTIMA TRANSACCIÓN
campo de control 20250509135222.0
007 - CAMPO FIJO DE DESCRIPCIÓN FÍSICA--INFORMACIÓN GENERAL
campo de control de longitud fija ta
008 - DATOS DE LONGITUD FIJA--INFORMACIÓN GENERAL
campo de control de longitud fija 250509b2000 |||||||| |||| 00| 0 spa d
040 ## - FUENTE DE LA CATALOGACIÓN
Centro catalogador/agencia de origen DO-SdBNP
Lengua de catalogación spa
Centro/agencia transcriptor BNPHU
Normas de descripción rda
041 ## - CÓDIGO DE LENGUA
Código de lengua original spa
082 ## - NÚMERO DE LA CLASIFICACIÓN DECIMAL DEWEY
Número de clasificación xxx
Número de documento/Ítem N718
Número de edición 22
100 ## - ENTRADA PRINCIPAL--NOMBRE DE PERSONA
9 (RLIN) 68728
245 0# - MENCIÓN DE TÍTULO
Título Niños, niñas y adolescentes en situación de riesgo a causa del VIH/SIDA /
Mención de responsabilidad, etc. Informe realizado por Clara Báez y Felicia Díaz
250 ## - MENCIÓN DE EDICIÓN
Mención de edición primera edición
264 ## - PRODUCCIÓN, PUBLICACIÓN, DISTRIBUCIÓN, FABRICACIÓN Y COPYRIGHT
Producción, publicación, distribución, fabricación y copyright Santo Domingo :
Nombre del de productor, editor, distribuidor, fabricante Centro de Promoción de la Atención Integral a la Infancia,
Fecha de producción, publicación, distribución, fabricación o copyright 2024
300 ## - DESCRIPCIÓN FÍSICA
Extensión 243 páginas :
Dimensiones 28 cm
336 ## - TIPO DE CONTENIDO
Término de tipo de contenido rdacontent
Código de tipo de contenido texto
Fuente txt
337 ## - TIPO DE MEDIO
Nombre/término del tipo de medio rdamedia
Código del tipo de medio sin mediación
Fuente n
338 ## - TIPO DE SOPORTE
Nombre/término del tipo de soporte rdacarrier
Código del tipo de soporte volumen
Fuente nc
505 ## - NOTA DE CONTENIDO CON FORMATO
Nota de contenido con formato LA SITUACIÓN DEL VIH SIDA EN LAS PROVINCIAS DE LA ROMANA Y VALVERDE 12|La orfandad por VIH SIDA 13|LAS FAMILIAS Y NNA AFECTADOS POR EL VIH SIDA; CARACTERÍSTICAS SOCIOECONÓMICAS DE LA FAMILIAS INVESTIGADAS 14|Características socioeconómicas de las familias investigadas 15|Los adultos 15|La Romana 15|Valverde 16|La multiplicidad de uniones consensuales, factor importante de riesgo 17|Los niños, niñas y adolescentes que viven en estas familias de la pobreza a la indigencia 17|EL ESTIGMA Y DISCRIMINACIÓN A CAUSA DEL VIH 18|El silencio 20|Discriminación en el acceso a los servicios médicos 20|Discriminación laboral 21|El estigma y discriminación en el barrio 22|El rechazo en las escuelas 22|Entre el rechazo y la solidaridad familiar 22|IMPACTO EMOCIONAL DEL VIHSIDA EN LOS NNA Y EN LAS MADRES AFECTADAS 24|Los adultos 25|Actitudes y creencias de las familias 25|Manejo de las emociones 26|Las emociones de las madres infectadas 26|Los niños, niñas y adolescentes 26|Las emociones de los NNA 27|Proyección de la propia persona 27|Cómo los NNA perciben su familia 27|Dolor y antigustia ante el futuro 28|Violencia y agresividad 29|LAS RESPUESTAS DE LAS FAMILIAS AFECTADAS 30|Sastifacción de las necesidades básicas de los NNA 31|Dinámicas familiares para enfrentar la situación del VIH SIDA 32|LA RESPUESTA DEL ESTADO Y DE LAS COMUNIDADES 36|Cómo percibe la sociedad el problema de los NNA afectados por VIH 37|Irrespeto a derechos humanos y leyes vigentes 38|Los derechos humanos de los NNA 38|La repuesta del Estado 39|La respuesta de la comunidad 39|Iniciativas positivas en La Romana 40|ESTRATEGIAS RECOMENDADAS PARA FAVORECER A LOS NNA VULNERABLES POR EL VIH SIDA 42|Marco jurídico y políticas públicas 43|Estigma y discriminación 44|Necesidades socio-emocionales 44|Derechos humanos 44
590 ## - NOTA LOCAL (RLIN)
Nota local Inventariado, 2025/DG
650 #4 - PUNTO DE ACCESO ADICIONAL DE MATERIA--TÉRMINO DE MATERIA
Término de materia o nombre geográfico como elemento de entrada ENFERMEDADES INMUNOLOGICAS
9 (RLIN) 87725
650 #4 - PUNTO DE ACCESO ADICIONAL DE MATERIA--TÉRMINO DE MATERIA
Término de materia o nombre geográfico como elemento de entrada ENFERMEDADES TRANSMISIBLES
9 (RLIN) 52710
650 #4 - PUNTO DE ACCESO ADICIONAL DE MATERIA--TÉRMINO DE MATERIA
Término de materia o nombre geográfico como elemento de entrada NIÑOS
Subdivisión general CUIDADO E HIGIENE
9 (RLIN) 1754
910 ## - DATOS DE OPCIÓN DEL USUARIO (OCLC)
Datos de opción del usuario DG
942 ## - ELEMENTOS DE PUNTO DE ACCESO ADICIONAL (KOHA)
Fuente del sistema de clasificación o colocación Dewey Decimal Classification
Tipo de ítem Koha Libro
Existencias
Estado de retiro Estado de pérdida Fuente del sistema de clasificación o colocación Restricciones de uso No para préstamo Código de colección Localización permanente Ubicación/localización actual Ubicación en estantería Fecha de adquisición Fuente de adquisición Total de préstamos Signatura topográfica completa Código de barras Fecha visto por última vez Precio válido a partir de Tipo de ítem Koha
    Dewey Decimal Classification Excluido de préstamo   Patrimonio Dominicano Biblioteca Nacional Pedro Henríquez Ureña Biblioteca Nacional Pedro Henríquez Ureña En catalogación 09.05.2025 donación   BNPHU PD N718 2025-4078 09.05.2025 09.05.2025 Libro

Con tecnología Koha